[Event "Oskarja Memorial 10th"]
[Site "Chess.com INT"]
[Date "2021.01.16"]
[Round "14"]
[White "Bozanic, Ivica"]
[Black "Volf, Zdravko"]
[Result "1-0"]
[WhiteElo "2101"]
[BlackElo "1784"]
[PlyCount "79"]
[EventDate "2021.01.16"]
[EventType "swiss (blitz)"]
[EventRounds "15"]
[EventCountry "SLO"]
[SourceTitle "CBM 200 Extra"]
[Source "ChessBase"]
[SourceDate "2021.03.31"]
[SourceVersion "1"]
[SourceVersionDate "2021.03.31"]
[SourceQuality "1"]

1. e4 e5 2. Nf3 d6 3. d4 exd4 4. Nxd4 g6 5. c4 Bg7 6. Nc3 Nf6 7. Be2 0-0 8. 0-0 Nc6 9. Be3 Ne5 10. f3 Ned7 11. Qd2 b6 12. Nc6 Qe8 13. Nb5 Nb8 14. Nxb8 Rxb8 15. Nxc7 Qd7 16. Nb5 Ne8 17. Rfd1 Ba6 18. a4 Bxb5 19. axb5 Ra8 20. Ra2 Rd8 21. Rda1 Ra8 22. Bxb6 Nf6 23. Rxa7 Rxa7 24. Rxa7 Qe6 25. Bd4 Nd7 26. Bxg7 Kxg7 27. Qd4+ Kg8 28. Qd5 Qf6 29. Rxd7 Qxb2 30. Bf1 Qc1 31. Rxd6 Qe3+ 32. Kh1 Qf2 33. Qd1 h5 34. Qe2 Qc5 35. Rd5 Qc7 36. e5 h4 37. e6 Re8 38. Rd7 Qxd7 39. exd7 Rxe2 40. Bxe2 1-0

[Event "Oskarja Memorial 10th"]
[Site "Chess.com INT"]
[Date "2021.01.16"]
[Round "12"]
[White "Volf, Zdravko"]
[Black "Bacic, Domagoj"]
[Result "1-0"]
[WhiteElo "1784"]
[BlackElo "1758"]
[PlyCount "99"]
[EventDate "2021.01.16"]
[EventType "swiss (blitz)"]
[EventRounds "15"]
[EventCountry "SLO"]
[SourceTitle "CBM 200 Extra"]
[Source "ChessBase"]
[SourceDate "2021.03.31"]
[SourceVersion "1"]
[SourceVersionDate "2021.03.31"]
[SourceQuality "1"]

1. e4 c6 2. d4 d5 3. Nc3 dxe4 4. Nxe4 Nf6 5. f3 Bf5 6. Bd3 Qxd4 7. Ne2 Qd8 8. Nxf6+ exf6 9. Bxf5 Qxd1+ 10. Kxd1 Bc5 11. c3 0-0 12. Kc2 Na6 13. Bf4 Rfe8 14. Bd3 Rad8 15. Rad1 Bb6 16. Ng3 Nc5 17. Ne4 Ne6 18. Bg3 f5 19. Nd6 Re7 20. Nxf5 Red7 21. Bc4 g6 22. Rxd7 Rxd7 23. Nd6 Bc5 24. Ne4 Be7 25. Bxe6 fxe6 26. Rd1 Rd5 27. Rxd5 exd5 28. Nf2 Kf7 29. Nd3 Ke6 30. b4 b6 31. a4 a6 32. Bc7 b5 33. a5 Kd7 34. Bb6 Ke6 35. Bc5 Bd8 36. Bf8 Bc7 37. Nc5+ Kf7 38. Nxa6 Bxh2 39. Bc5 Ke6 40. Be3 Kd7 41. Nc5+ Kc8 42. Ne6 Kb7 43. Nf8 Bd6 44. Nxh7 Be7 45. Ng5 Bxg5 46. Bxg5 Ka6 47. f4 c5 48. g4 c4 49. f5 gxf5 50. gxf5 1-0

[Event "Oskarja Memorial 10th"]
[Site "Chess.com INT"]
[Date "2021.01.16"]
[Round "8"]
[White "Volf, Zdravko"]
[Black "Dzudov, Janko"]
[Result "0-1"]
[WhiteElo "1784"]
[BlackElo "1494"]
[PlyCount "66"]
[EventDate "2021.01.16"]
[EventType "swiss (blitz)"]
[EventRounds "15"]
[EventCountry "SLO"]
[SourceTitle "CBM 200 Extra"]
[Source "ChessBase"]
[SourceDate "2021.03.31"]
[SourceVersion "1"]
[SourceVersionDate "2021.03.31"]
[SourceQuality "1"]

1. e4 h6 2. d4 e6 3. c3 d5 4. Bd3 a6 5. Nf3 dxe4 6. Bxe4 Nf6 7. Bc2 c5 8. 0-0 cxd4 9. Nxd4 Bc5 10. Be3 Qc7 11. b4 Bd6 12. h3 0-0 13. Qd2 Rd8 14. Qe2 Nbd7 15. a3 b5 16. Bd2 Nb6 17. Bb3 Bb7 18. Be3 Nbd5 19. Bxd5 Bxd5 20. a4 Bc4 21. Qf3 Bh2+ 22. Kh1 Bxf1 23. Nd2 Bd3 24. g3 Qxc3 25. Re1 Be4 26. Nxe4 Qxe1+ 27. Kxh2 Nxe4 28. Qxe4 bxa4 29. Nc6 Re8 30. Qg4 a3 31. Bxh6 Qxf2+ 32. Kh1 Qb2 33. Bf4 a2 0-1

[Event "Oskarja Memorial 10th"]
[Site "Chess.com INT"]
[Date "2021.01.16"]
[Round "11"]
[White "Zobenica, Cedomir"]
[Black "Volf, Zdravko"]
[Result "0-1"]
[WhiteElo "1430"]
[BlackElo "1784"]
[PlyCount "122"]
[EventDate "2021.01.16"]
[EventType "swiss (blitz)"]
[EventRounds "15"]
[EventCountry "SLO"]
[SourceTitle "CBM 200 Extra"]
[Source "ChessBase"]
[SourceDate "2021.03.31"]
[SourceVersion "1"]
[SourceVersionDate "2021.03.31"]
[SourceQuality "1"]

1. e4 e5 2. Nf3 d6 3. Bc4 Be7 4. d3 Nf6 5. Ng5 0-0 6. 0-0 c6 7. Nf3 b5 8. Bb3 c5 9. c3 a5 10. Bc2 Nc6 11. b3 b4 12. c4 Nd4 13. Nxd4 cxd4 14. Nd2 h6 15. h3 Nh7 16. Qe1 f5 17. Bd1 f4 18. Nf3 Ng5 19. Nxg5 Bxg5 20. Bf3 Qe8 21. Qe2 Qg6 22. Bg4 Bh4 23. Qf3 Bxg4 24. Qxg4 Qxg4 25. hxg4 Bf6 26. f3 g6 27. Kf2 Kg7 28. Bd2 h5 29. gxh5 gxh5 30. Rh1 Rh8 31. Rh3 Kg6 32. Rah1 h4 33. Be1 a4 34. Bxb4 axb3 35. axb3 Ra2+ 36. Kg1 Rb2 37. Bxd6 Rxb3 38. c5 Rxd3 39. Kh2 Rc3 40. Rd1 d3 41. Bc7 Kg5 42. Bb6 Ra8 43. c6 Rxc6 44. Bg1 Ra3 45. Kh1 Rc2 46. Rh2 Raa2 47. Rxd3 Rc1 48. g4 Raa1 49. Rg2 h3 50. Kh2 hxg2 51. Kxg2 Rxg1+ 52. Kf2 Rgf1+ 53. Ke2 Rfb1 54. Kd2 Ra2+ 55. Kc3 Ra3+ 56. Kc2 Rxd3 57. Kxd3 Rb4 58. Kc3 Ra4 59. Kd3 Kh4 60. Ke2 Kg3 61. g5 Bxg5 0-1